Antología poética

Gorde:
Xehetasun bibliografikoak
Egile nagusia: Jiménez, Juan Ramón
Formatua: Liburua
Hizkuntza:Undetermined
Argitaratua: Madrid, España Anaya 1965
Gaiak:
Etiketak: Etiketa erantsi
Etiketarik gabe, Izan zaitez lehena erregistro honi etiketa jartzen!

MARC

LEADER 00000nam a2200000Ia 4500
008 170316s9999 xx 000 0 und d
040 |a cru BVZT 
090 |a 862 J-4a 
100 |a Jiménez, Juan Ramón 
245 |a Antología poética 
260 |a Madrid, España 
260 |b Anaya 
260 |c 1965 
300 |a 96 páginas 
650 |a LITERATURA ESPAÑOLA 
650 |a POESÍA 
999 |c 10030  |d 10030 
942 |c 15 D  |h 862 J-4a  |2 z